000 00722nam a22002657a 4500
001 BR9500287
003 BR-BrBNA
005 20230928094412.0
007 ta
008 230509b bl.||||| |||| 00| 0 por d
040 _aBR-BrBNA
_bpor
_cBiblioteca Nacional de Agricultura
041 _a(Por)
072 _aP07
090 _ P07 BR9500287
100 1 _aOliveira, E.P. de
110 1 _aMinisterio da Agricultura, Rio de Janeiro, GB (Brasil)
_96904
245 1 _aHistoria da pesquisa de petroleo no Brasil
260 3 _aRio de Janeiro, GB (Brasil):
_c1940.
300 _a208 p.
650 _aRecurso Mineral
650 _aGeologia
650 _aPetroleo
909 _a202309
_bLucia
_c55
_dLucia Elande
942 _cBK
999 _c50525
_d50525